Statistics for Biggest World Cities within 250 km with Hints on Dots by Proximity

Click here to take the quiz!

General Stats

  • This quiz has been taken 3,480 times
  • The average score is 746 of 1401

Answers on the Map

Answers color-coded by a green-red scale on the quiz's map according to % correct below.
 

Answer Stats

ANSWER% Correct
B_
96%
G_
96%
H_
96%
L_
96%
Nant_
96%
C_
95%
Cl_
95%
Grea_
95%
Ha_
95%
Lerwic_
95%
M_
95%
O_
95%
P_
95%
Petr_
95%
Ri_
95%
S_
95%
V_
95%
Za_
95%
Ar_
94%
Bech_
94%
Cagl_
94%
D_
94%
H_
94%
K_
94%
L_
94%
Lo_
94%
London
94%
Lv_
94%
M_
94%
N_
94%
O_
94%
Pa_
94%
T_
94%
Ta_
94%
Ume_
94%
V_
94%
Ya_
94%
A_
93%
B_
93%
Baruun-Ur_
93%
Berg_
93%
Broken Hil_
93%
Ca_
93%
Corner Broo_
93%
George Tow_
93%
Happy Valley-Goose B_
93%
He_
93%
Hera_
93%
K_
93%
Keetmanshoo_
93%
Ki_
93%
L_
93%
Labrador Cit_
93%
Lubb_
93%
M_
93%
Madrid
93%
Mersa Matru_
93%
Mo_
93%
Moscow
93%
N_
93%
Nass_
93%
New York
93%
Om_
93%
Oul_
93%
Paris
93%
S_
93%
Sault Ste. Mari_
93%
Saynshan_
93%
Shre_
93%
Siwa Oasi_
93%
Sydn_
93%
Thunder Ba_
93%
Tobr_
93%
Tu_
93%
Ub_
93%
Upingto_
93%
V_
93%
Vitó_
93%
X_
93%
Xili_
93%
Al_
92%
'Ar'_
92%
B_
92%
Bahi_
92%
Be_
92%
Bl_
92%
Bod_
92%
Bois_
92%
C_
92%
Ca_
92%
G_
92%
H_
92%
Hota_
92%
I_
92%
J_
92%
Jata_
92%
K_
92%
Ku_
92%
Los Angeles
92%
Lu_
92%
Mexico City
92%
Mildur_
92%
N_
92%
Neuq_
92%
O_
92%
P_
92%
R_
92%
Rom_
92%
S_
92%
Sa_
92%
Sant_
92%
Se_
92%
Siou_
92%
Su_
92%
Sura_
92%
Ta_
92%
Tokyo
92%
Torshav_
92%
Tron_
92%
Y_
92%
B_
91%
Beijing
91%
Berlin
91%
Birj_
91%
Ch_
91%
Da_
91%
Eirunep_
91%
Flying Fish Cov_
91%
Geor_
91%
I_
91%
Irec_
91%
Kavaratt_
91%
Ke_
91%
Ki_
91%
Myei_
91%
P_
91%
S_
91%
San Andre_
91%
Sydney
91%
Tambopat_
91%
Tr_
91%
Ya_
91%
Ar_
90%
B_
90%
Ba_
90%
Be_
90%
Bu_
90%
C_
90%
Cairo
90%
Chet_
90%
Ci_
90%
Copi_
90%
Coqu_
90%
Cu_
90%
D_
90%
Delhi
90%
Dryde_
90%
Farg_
90%
Gariss_
90%
Grande Prairi_
90%
Grand Junctio_
90%
H_
90%
Jakarta
90%
Lima
90%
Livi_
90%
M_
90%
Mau_
90%
Missoul_
90%
Prince Georg_
90%
Pu_
90%
Puer_
90%
Re_
90%
S_
90%
Sa_
90%
Spok_
90%
T_
90%
Y_
90%
Za_
90%
As Sulayyi_
89%
Barr_
89%
Bo_
89%
Bu_
89%
Buenos Aires
89%
C_
89%
Cape Town
89%
Chicago
89%
Di_
89%
Djou_
89%
E_
89%
H_
89%
Hayi_
89%
Iq_
89%
Iran_
89%
Istanbul
89%
Ka_
89%
Kh_
89%
Kism_
89%
Li_
89%
Luderit_
89%
M_
89%
Ma_
89%
Mbey_
89%
Miami
89%
Mit_
89%
Mu_
89%
Mumbai
89%
Mw_
89%
Myitkyin_
89%
Q_
89%
Rio de Janeiro
89%
Santiago
89%
Sao Tom_
89%
Ta_
89%
Tabo_
89%
Terrac_
89%
Turba_
89%
Udon_
89%
A_
88%
B_
88%
Bahi_
88%
Be_
88%
Bill_
88%
Bismarc_
88%
Bridgetow_
88%
C_
88%
Ch_
88%
Chia_
88%
D_
88%
Des_
88%
G_
88%
H_
88%
Johannesburg
88%
Lhas_
88%
M_
88%
N_
88%
Nha _
88%
Palm_
88%
Puer_
88%
Rapid Cit_
88%
Sao Gabriel da Cacho_
88%
Seattle
88%
Seoul
88%
Sh_
88%
So_
88%
T_
88%
Timimou_
88%
V_
88%
We_
88%
Za_
88%
A_
87%
Akta_
87%
Alban_
87%
As_
87%
Athens
87%
B_
87%
Balkanaba_
87%
Barcelona
87%
Bogotá
87%
C_
87%
Carnarvo_
87%
Esperanc_
87%
Func_
87%
Geraldto_
87%
Hayma_
87%
Hera_
87%
Hoba_
87%
I_
87%
Ju_
87%
Ka_
87%
Kalgoorli_
87%
M_
87%
Ma_
87%
Manila
87%
P_
87%
Port_
87%
San Francisco
87%
Shanghai
87%
Tasiila_
87%
Toronto
87%
B_
86%
Bangkok
86%
Boston
86%
Cu_
86%
D_
86%
Dallas
86%
Houston
86%
M_
86%
Melbourne
86%
Milan
86%
Na_
86%
O_
86%
Perth
86%
Po_
86%
Saint Petersburg
86%
Sala_
86%
São Paulo
86%
Washington
86%
Band_
85%
Dawson Cit_
85%
Dj_
85%
K_
85%
Kasam_
85%
Kash_
85%
Mamoudzo_
85%
Olonkinbye_
85%
Q_
85%
Sino_
85%
Tunis
85%
Auckland
84%
Brasília
84%
Caracas
84%
Ci_
84%
Du_
84%
Francevill_
84%
G_
84%
Ji P_
84%
Junea_
84%
Kulhudhuffush_
84%
L_
84%
Lagos
84%
Ma_
84%
Mzuz_
84%
Po_
84%
Reykjavik
84%
Tehran
84%
W_
84%
Warsaw
84%
Whitehors_
84%
Algiers
83%
Al M_
83%
Ankara
83%
Atba_
83%
Bi_
83%
Bosas_
83%
Denver
83%
Dillingha_
83%
Dubai
83%
Dune_
83%
Huam_
83%
Kaye_
83%
Kiev
83%
Kikw_
83%
Kotzebu_
83%
L_
83%
Naples
83%
P_
83%
Saurim_
83%
Tambacound_
83%
Tari_
83%
Ata_
82%
Atlanta
82%
Bethe_
82%
Fairbank_
82%
Gambel_
82%
Kaed_
82%
Kodia_
82%
La_
82%
Mban_
82%
Mtwar_
82%
Nom_
82%
P_
82%
Rio _
82%
Sand Poin_
82%
Singapore
82%
Trinida_
82%
Uliasta_
82%
Waitang_
82%
A_
81%
An_
81%
Anchorage
81%
Boend_
81%
Casablanca
81%
Gaalkacy_
81%
Guangzhou
81%
Hil_
81%
Honolulu
81%
Mal_
81%
Mindel_
81%
Nairobi
81%
Nouadhibo_
81%
Prai_
81%
Vilhen_
81%
Baghdad
80%
Cayenn_
80%
Dar es Salaam
80%
Detroit
80%
Dhaka
80%
Juaz_
80%
Ko_
80%
Kyzy_
80%
La Paz
80%
Lodj_
80%
Mala_
80%
Montréal
80%
Mörö_
80%
Osaka
80%
Petr_
80%
Sana'a
80%
Atyr_
79%
Budapest
79%
Guatemala City
79%
Hail_
79%
Hanoi
79%
Hov_
79%
Kinshasa
79%
Kolkata
79%
Kuala Lumpur
79%
M_
79%
Macka_
79%
N_
79%
Panama City
79%
T_
79%
Addis Ababa
78%
Bert_
78%
Brisbane
78%
Bundaber_
78%
Dakar
78%
Fort Nelso_
78%
Havana
78%
Ka_
78%
Kank_
78%
Menongu_
78%
Phoenix
78%
S_
78%
Taipei
78%
Balkhas_
77%
Brat_
77%
Colombo
77%
Ir_
77%
Karachi
77%
Katherin_
77%
Kununurr_
77%
Oslo
77%
Sask_
77%
Severobaikals_
77%
Stockholm
77%
The Pa_
77%
Tua_
77%
Agad_
76%
Cedun_
76%
Coober Ped_
76%
El_
76%
El D_
76%
El F_
76%
Ga_
76%
High Leve_
76%
Khartoum
76%
L_
76%
Moun_
76%
Nuku_
76%
Petr_
76%
Quito
76%
Wi_
76%
Zhez_
76%
As_
75%
Ayago_
75%
But_
75%
Ch_
75%
Corumb_
75%
Cu_
75%
Ho Chi Minh City
75%
Kabul
75%
Kost_
75%
Mogadishu
75%
Para_
75%
Quel_
75%
Us_
75%
Yi_
75%
Altamir_
74%
Fernando de Noronha _
74%
Kuwait City
74%
Luanda
74%
Luba_
74%
N_
74%
Or_
74%
Rund_
74%
San José
74%
Sao Felix do Xing_
74%
Sykt_
74%
Ukht_
74%
Ulaanbaatar
74%
Accra
73%
Alota_
73%
Ambovomb_
73%
Antananarivo
73%
Antsiranan_
73%
Asunción
73%
Dar_
73%
Fort McMurra_
73%
George
73%
Isir_
73%
M_
73%
Maha_
73%
Mong_
73%
Morondav_
73%
Norman Well_
73%
Santo Domingo
73%
Tampa
73%
Toli_
73%
Weip_
73%
Amman
72%
Chennai
72%
Halls Cree_
72%
Ky_
72%
Minneapolis
72%
Pa_
72%
Porto
72%
Sant_
72%
Su_
72%
Ty_
72%
Wellington
72%
Arkaly_
71%
Kind_
71%
Tennant Cree_
71%
Timbukt_
71%
Wa_
71%
Watson Lak_
71%
Xi'an
71%
Barcelo_
70%
Carauar_
70%
Coar_
70%
Geor_
70%
Georgetown
70%
George Town
70%
Jacareacang_
70%
Khov_
70%
Kiung_
70%
Manicor_
70%
Pangnirtun_
70%
Riyadh
70%
Yellowknif_
70%
Araw_
69%
Boa _
69%
Ga_
69%
Grootfontei_
69%
Ilulissa_
69%
Kaga Bandor_
69%
Kavien_
69%
Kimb_
69%
Kokop_
69%
Kuybyshe_
69%
La_
69%
Lorenga_
69%
Manaus
69%
Mata-Ut_
69%
Mopt_
69%
Mount Hage_
69%
Nem_
69%
S_
69%
Sag_
69%
Upernavi_
69%
Wewa_
69%
Adelaide
68%
Dil_
68%
Fuvahmula_
68%
Gha_
68%
Guadalajara
68%
He_
68%
Helsinki
68%
Hihif_
68%
Kh_
68%
Koms_
68%
Neiaf_
68%
Nhulunbu_
68%
Nuuk
68%
Oshakat_
68%
P_
68%
Port Moresby
68%
Qaqorto_
68%
Sisimiu_
68%
U_
68%
Walvis Ba_
68%
Alta_
67%
Bangalore
67%
Darwin
67%
Ki_
67%
Male
67%
Port-au-Prince
67%
Prague
67%
Sabh_
67%
Tashkent
67%
Windhoek
67%
Am Tima_
66%
Bilm_
66%
Bira_
66%
Kampala
66%
Kida_
66%
Qamd_
66%
Sayi_
66%
Wuhan
66%
Baku
65%
Bumb_
65%
Hyderabad
65%
Jeddah
65%
L_
65%
Lahore
65%
Saint John'_
65%
Tripoli
65%
Lisbon
64%
Lusaka
64%
N_
64%
Nuku'alof_
64%
Recife
64%
Abak_
63%
Atafu Villag_
63%
Bucharest
63%
Durban
63%
Edmonton
63%
Hamburg
63%
Impe_
63%
Minsk
63%
Victoria
63%
Dili
62%
Ma_
62%
Suva
62%
Abuja
61%
Alof_
61%
Bamako
61%
Belo Horizonte
61%
Copenhagen
61%
Ham_
61%
Kingsto_
61%
Monterrey
61%
Thompso_
61%
Calgary
60%
Kingston
60%
Labu_
60%
The Ruhr
60%
Cargados Carajo_
59%
Chegdomy_
59%
Chengdu
59%
Faya-Largea_
59%
Juneau
59%
Port Louis
59%
Port Mathuri_
59%
Salvador
59%
Yaoundé
59%
Apia
58%
Barro_
58%
Belém
58%
Belgrade
58%
Dakhl_
58%
Fad_
58%
Gene_
58%
Jiay_
58%
Kathmandu
58%
Kingston
58%
Lat_
58%
Sovetskaya Gavan_
58%
Troms_
58%
Yuzh_
58%
Zouera_
58%
Abidjan
57%
Ba_
57%
Bangui
57%
Busan
57%
Conakry
57%
Las Vegas
57%
Muscat
57%
Ürümqi
57%
Yangon
57%
Ahmedabad
56%
Alice Springs
56%
Harare
56%
Harbin
56%
Inuvi_
56%
Monrovia
56%
N'Djamena
56%
Sapporo
56%
Sofia
56%
Xiamen
56%
Christchurch
55%
Fortaleza
55%
Nar'yan-Ma_
55%
Nassau
55%
Novosibirsk
55%
Yekaterinburg
55%
Omsk
54%
Saint John's
54%
Winnipeg
54%
Zagreb
54%
Almaty
53%
Bodayb_
53%
Luganvill_
53%
Ma_
53%
New Orleans
53%
Paramaribo
53%
Porto Alegre
53%
Port Vil_
53%
San Juan
53%
Arijeje_
52%
Glasgow
52%
Marseille
52%
Murmansk
52%
Salt Lake City
52%
Vanavar_
52%
Wotj_
52%
Bergen
51%
Cair_
51%
Giz_
51%
Halifax
51%
Kigali
51%
Managua
51%
Maputo
51%
Mount Is_
51%
Niamey
51%
Port Vila
51%
Riga
51%
Surabaya
51%
Al Jaw_
50%
Lyon
50%
Ouagadougou
50%
Honiara
49%
Juba
49%
Kano
49%
Kend_
49%
Praia
49%
Yerevan
49%
Aya_
48%
Cancun
48%
Chongqing
48%
Fairbanks
48%
Hobart
48%
Kugluktu_
48%
Kupa_
48%
Nouakchott
48%
Seville
48%
Stanle_
48%
Valencia
48%
Djibouti
47%
Funafuti
47%
Guayaquil
47%
Kansas City
47%
Okhots_
47%
Saint Louis
47%
Yellowknife
47%
Bordeaux
46%
Cairns
46%
Charlotte
46%
Chumika_
46%
Dushanbe
46%
Izmir
46%
Nashville
46%
Odessa
46%
Oklahoma City
46%
Palermo
46%
San Antonio
46%
Susuma_
46%
Volgograd
46%
Deputatsk_
45%
Ebay_
45%
Lilongwe
45%
Memphis
45%
Neryungr_
45%
Tarawa
45%
Ust-Ner_
45%
Aykha_
44%
Bataga_
44%
Irkutsk
44%
Ko_
44%
Libreville
44%
Longyearbye_
44%
Mirn_
44%
Nizhny Novgorod
44%
Olyokmins_
44%
Zhigans_
44%
Cali
43%
Majuro
43%
Nantes
43%
Perm
43%
Provideniy_
43%
Sao Tome
43%
Bissau
42%
Medina
42%
Nuku'alofa
42%
Yakutsk
42%
Asmara
41%
Bridgetown
41%
Cebu
41%
Cincinnati
41%
Pal_
41%
Port Elizabeth
41%
Santa Cruz
41%
Taoudenn_
41%
Tobi Villag_
41%
Ushuai_
41%
Albuquerque
40%
Aleppo
40%
Am_
40%
Barrow
40%
Boise
40%
Córdoba
40%
Curitiba
40%
Dalian
40%
Luxor
40%
Newma_
40%
Saint George's
40%
Sonsorol Villag_
40%
Trondheim
40%
Bloemfontein
39%
Edinburgh of the Seven Seas
39%
Lucknow
39%
Lviv
39%
Makassar
39%
Mörön
39%
Omaha
39%
Ponta Delgad_
39%
Qingdao
39%
Ufa
39%
Bismarck
38%
Fai_
38%
In Sala_
38%
Kazan
38%
Koror Stat_
38%
Nome
38%
Shenyang
38%
Tern_
38%
Tromso
38%
Whitehorse
38%
Benghazi
37%
Kharkiv
37%
Cagliari
36%
Clyde Rive_
36%
Fargo
36%
Funchal
36%
Kunming
36%
Las Palmas de Gran Canaria
36%
Medan
36%
Mombasa
36%
Townsville
36%
Broom_
35%
Dunedin
35%
Katowice
35%
Lhasa
35%
Oran
35%
Palan_
35%
Samara
35%
Sioux Falls
35%
Spokane
35%
Stanley
35%
Thunder Bay
35%
Denpasar
34%
Donetsk
34%
Grand Junction
34%
Isfahan
34%
Klyuch_
34%
Mashhad
34%
Moera_
34%
Rapid City
34%
Sevastopol
34%
Ushuaia
34%
Billings
33%
Davao
33%
Heraklion
33%
Krasnoyarsk
33%
Labrador City
33%
Nanning
33%
Natal
33%
Saskatoon
33%
Arkhangel'sk
32%
Ciudad Juárez
32%
Dikso_
32%
Hilo
32%
Letici_
32%
Mérida
32%
Nikolayevsk-on-Amu_
32%
Rankin Inle_
32%
Rosario
32%
Sault Ste. Marie
32%
Timbuktu
32%
Tur_
32%
Adamstow_
31%
Broome
31%
Cayenne
31%
Chihuahua
31%
Coihaiqu_
31%
Faaa
31%
Kodiak
31%
Lerwick
31%
Longyearbyen
31%
Maracaibo
31%
Missoula
31%
Nabir_
31%
Nagpur
31%
Omsukcha_
31%
Oulu
31%
Punta Arenas
31%
Torshavn
31%
Trele_
31%
Vaitap_
31%
Zyryank_
31%
Agadir
30%
Barranquilla
30%
Jamestown
30%
Mandalay
30%
Mir_
30%
Mosul
30%
Saskylak_
30%
Wenzhou
30%
Zhengzhou
30%
Adamstown
29%
Albany
29%
Changsha
29%
Cusco
29%
Gjoa Have_
29%
Iqaluit
29%
Khatang_
29%
Lubbock
29%
Noumea
29%
Petropavlov
29%
Petropavlovsk-Kamchatsky
29%
Prince George
29%
Sand Point
29%
São Luís
29%
Aozo_
28%
Cluj-Napoca
28%
Coloni_
28%
Corner Brook
28%
Fort McMurray
28%
Magadan
28%
McMurdo Station
28%
Ponta Delgada
28%
Port Harcourt
28%
Rankin Inlet
28%
Thompson
28%
Dammam
27%
Da Nang
27%
Fort Nelson
27%
Grande Prairie
27%
Hadib_
27%
Hanga Roa
27%
Inuvik
27%
Iquitos
27%
Jayapura
27%
Manokwar_
27%
Noril'sk
27%
Port-aux-Francais
27%
Saipan
27%
Soro_
27%
Terrace
27%
West Islan_
27%
Bethel
26%
Dawson City
26%
Dillingham
26%
Happy Valley-Goose Bay
26%
Lubumbashi
26%
Mogoch_
26%
Shiraz
26%
Shreveport
26%
Umea
26%
Yerbogache_
26%
Bodo
25%
Broken Hill
25%
Carnarvon
25%
Clyde River
25%
Fais
25%
Geraldton
25%
High Level
25%
Indore
25%
Koloni_
25%
Mackay
25%
Port Hedland
25%
Watson Lake
25%
Avarua
24%
Dryden
24%
Dutch Harbor
24%
Gjoa Haven
24%
Grytviken
24%
Hami
24%
Jinan
24%
Lanzhou
24%
Naha
24%
Norman Wells
24%
Puerto Ayora
24%
Roma
24%
Saratov
24%
Vitória
24%
Waitangi
24%
West Island
24%
Ambon
23%
Anadyr
23%
Astrakhan'
23%
Chiang Mai
23%
Chokurdak_
23%
Comodoro Rivadavia
23%
Halls Creek
23%
Kalgoorlie
23%
Katherine
23%
Koror State
23%
Mbuji-Mayi
23%
Newman
23%
Olonkinbyen
23%
Port Sudan
23%
San Andres
23%
Sendai
23%
Tabriz
23%
Voronezh
23%
Al Jawf
22%
Antofagasta
22%
Arequipa
22%
Bundaberg
22%
Chita
22%
Colonia
22%
Esperance
22%
Kota Kinabalu
22%
Kotzebue
22%
Napari Villag_
22%
Palembang
22%
Puerto Montt
22%
Salalah
22%
Tennant Creek
22%
Vorkut_
22%
Walvis Bay
22%
Agadez
21%
Bahia Blanca
21%
Banda Aceh
21%
Dikson
21%
Flying Fish Cove
21%
Herat
21%
Hermosillo
21%
Jodhpur
21%
Kaohsiung
21%
Kolonia
21%
Kuching
21%
Kugluktuk
21%
Mildura
21%
Mount Isa
21%
Palmas
21%
Port Blair
21%
Porto Velho
21%
Quetta
21%
Rikitea
21%
Tabwakea Village
21%
Tamanrasset
21%
Tobruk
21%
Upington
21%
Weno
21%
Arawa
20%
Atafu Village
20%
Atuona
20%
Coober Pedy
20%
Cuiaba
20%
Ebaye
20%
Ghat
20%
Haikou
20%
In Salah
20%
Lae
20%
Mindelo
20%
Nanchang
20%
Novyy Urengo_
20%
Orenburg
20%
Sabha
20%
The Pas
20%
Trinidad
20%
Upernavik
20%
Alofi
19%
Boa Vista
19%
Bucaramanga
19%
Ceduna
19%
Concepción
19%
Fada
19%
Kirov
19%
Luganville
19%
Mirny
19%
Mount Hagen
19%
Pointe-Noire
19%
Santa Maria
19%
Sisimiut
19%
Sorong
19%
Surgut
19%
Taiyuan
19%
Teresina
19%
Torreón
19%
Trelew
19%
Weipa
19%
Altamira
18%
Balikpapan
18%
Baotou
18%
Beira
18%
Bratsk
18%
Bulawayo
18%
Camaguey
18%
El Fasher
18%
Gao
18%
Guiyang
18%
Ilulissat
18%
Kisangani
18%
Kununurra
18%
Livingstone
18%
Miri
18%
Moerai
18%
Napari Village
18%
Port Mathurin
18%
Rio Branco
18%
San Miguel de Tucuman
18%
Sao Gabriel da Cachoeira
18%
Siwa Oasis
18%
Tasiilaq
18%
Tiksi
18%
Trujillo
18%
Vorkuta
18%
Yaroslavl
18%
Abakan
17%
Alotau
17%
Arijejen
17%
Bilma
17%
Bosaso
17%
Campo Grande
17%
Ciudad Guayana
17%
Coihaique
17%
Corumba
17%
Dakhla
17%
Daru
17%
Diyarbakir
17%
Franceville
17%
Gizo
17%
Greater Sudbury
17%
Grootfontein
17%
Huambo
17%
Kavaratti
17%
Kavieng
17%
Keetmanshoop
17%
Kokopo
17%
Komsomolsk-on-Amur
17%
Kupang
17%
Leticia
17%
Lubango
17%
Luderitz
17%
Mamoudzou
17%
Manicore
17%
Mar del Plata
17%
Mersa Matruh
17%
Neuquen
17%
Nukus
17%
Pangnirtung
17%
Puerto Princesa
17%
Qaqortoq
17%
Samsun
17%
Santa Rosa
17%
Semarang
17%
Sonsorol Village
17%
Tobi Village
17%
Tyumen
17%
Ust-Nera
17%
Wewak
17%
Xuzhou
17%
Al Mukalla
16%
Altay
16%
Antsiranana
16%
Batagay
16%
Bilibino
16%
Chetumal
16%
Culiacan
16%
Eirunepe
16%
El Daein
16%
Faya-Largeau
16%
Hihifo
16%
Hotan
16%
Khabarovsk
16%
Khatanga
16%
Kimbe
16%
Kismayo
16%
Kiunga
16%
Macapa
16%
Manado
16%
Manokwari
16%
Mata-Utu
16%
Mbeya
16%
Nar'yan-Mar
16%
Nha Trang
16%
Nhulunbuy
16%
Okhotsk
16%
Sao Felix do Xingu
16%
Sinop
16%
Timimoun
16%
Ukhta
16%
Vaitape
16%
Vilhena
16%
Vishakhapatnam
16%
Wotje
16%
Yinchuan
16%
Aktau
15%
Ambovombe
15%
Aozou
15%
'Ar'ar
15%
Atar
15%
Atyrau
15%
Aykhal
15%
Banjarmasin
15%
Carauari
15%
Coari
15%
Fernando de Noronha
15%
Fuvahmulah
15%
Garissa
15%
Hovd
15%
Hubli
15%
Irece
15%
Karagandy
15%
Kayes
15%
Kerman
15%
Kidal
15%
Kyzyl
15%
Lata
15%
Lorengau
15%
Menongue
15%
Mwanza
15%
Mzuzu
15%
Nabire
15%
Nampula
15%
Neiafu
15%
Neryungri
15%
Nouadhibou
15%
Pekanbaru
15%
Petrolina
15%
Qamdo
15%
Rundu
15%
Susuman
15%
Tambacounda
15%
Tambopata
15%
Ternate
15%
Tual
15%
Tura
15%
Tuxtla Gutierrez
15%
Wau
15%
Yuzhno-Sakhalinsk
15%
Zamboanga
15%
Zouerat
15%
Am Timan
14%
As Sulayyil
14%
Balkanabat
14%
Balkhash
14%
Barcelos
14%
Bechar
14%
Bhubaneswar
14%
Bobo-Dioulasso
14%
Bodaybo
14%
Boende
14%
Bumba
14%
Buta
14%
Cargados Carajos
14%
Ciudad del Este
14%
Copiapo
14%
Coquimbo
14%
Deputatsky
14%
El Obeid
14%
Gaalkacyo
14%
Gambela
14%
Geneina
14%
Guwahati
14%
Hadibu
14%
Hailar
14%
Hayma'
14%
Imperatriz
14%
Isiro
14%
Jatai
14%
Ji Parana
14%
Kaedi
14%
Kankan
14%
Kasama
14%
Kashi
14%
Kendari
14%
Khovd
14%
Kikwit
14%
Kindu
14%
Klyuchi
14%
Kulhudhuffushi
14%
Londrina
14%
Makhachkala
14%
Maun
14%
Mitu
14%
Mongu
14%
Mopti
14%
Morondava
14%
Mtwara
14%
Nema
14%
Nikolayevsk-on-Amur
14%
Oshakati
14%
Palana
14%
Palu
14%
Petrozavodsk
14%
Provideniya
14%
Resistencia
14%
Santarem
14%
Saurimo
14%
Severobaikalsk
14%
Surat Thani
14%
Syktyvkar
14%
Tamale
14%
Tampico
14%
Tofol
14%
Turbat
14%
Udon Thani
14%
Yazd
14%
Zahedan
14%
Arkalyk
13%
Atbara
13%
Ayagoz
13%
Ayan
13%
Bahir Dar
13%
Barreiras
13%
Baruun-Urt
13%
Bengkulu
13%
Birao
13%
Birjand
13%
Bouake
13%
Chegdomyn
13%
Chumikan
13%
Dese
13%
Djougou
13%
Garoua
13%
Hayil
13%
Hegang
13%
Iranshahr
13%
Kaga Bandoro
13%
Kostanay
13%
Kosti
13%
Kuybyshev
13%
Lodja
13%
Malakal
13%
Mazar-e Sharif
13%
Mogocha
13%
Montes Claros
13%
Myitkyina
13%
Novyy Urengoy
13%
Pavlodar
13%
Pucallpa
13%
Saynshand
13%
Sokoto
13%
Tabora
13%
Tabuk
13%
Toliara
13%
Uberlandia
13%
Uliastay
13%
Ust-Kamenogorsk
13%
Vanavara
13%
Xiangyang
13%
Zhigansk
13%
Bertoua
12%
Buraydah
12%
Jacareacanga
12%
Juazeiro do Norte
12%
Kahriz
12%
Kassala
12%
Khamis Mushait
12%
Labuhanbajo
12%
Lijiang
12%
Mahajanga
12%
Mbandaka
12%
Moundou
12%
Mudanjiang
12%
Myeik
12%
Omsukchan
12%
Quelimane
12%
Shiliguri
12%
Sovetskaya Gavan'
12%
Taoudenni
12%
Tarija
12%
Vitória da Conquista
12%
Xilin Hot
12%
Yerbogachen
12%
Zyryanka
12%
Chokurdakh
11%
Jiayuguan
11%
Kyzylorda
11%
Olyokminsk
11%
Sagh
11%
Sayibage
11%
Sukkur
11%
Yingbazha
11%
Zhezqazghan
11%
Saskylakh
10%

Score Distribution

Percentile by Number Answered

Percent of People with Each Score

Your Score History

You have not taken this quiz